Plato: Philebus and Epinomis (Record no. 418)

MARC details
000 -LEADER
fixed length control field 00543nam a2200145 a 4500
008 - FIXED-LENGTH DATA ELEMENTS--GENERAL INFORMATION
fixed length control field 121123s1956 ||||||||||||||||| || u
050 ## - LIBRARY OF CONGRESS CALL NUMBER
Classification number B 381.A5 Pla
100 ## - MAIN ENTRY--PERSONAL NAME
Personal name Taylor, A. E
245 10 - TITLE STATEMENT
Title Plato: Philebus and Epinomis
Statement of responsibility, etc. Translated and introduced by A. E. Taylor
260 ## - PUBLICATION, DISTRIBUTION, ETC.
Place of publication, distribution, etc. London:
Name of publisher, distributor, etc. Thomas Nelson and Sons
Date of publication, distribution, etc. 1956
300 ## - PHYSICAL DESCRIPTION
Extent vi, 271p.
650 ## - SUBJECT ADDED ENTRY--TOPICAL TERM
Topical term or geographic name entry element PLEASURE
650 ## - SUBJECT ADDED ENTRY--TOPICAL TERM
Topical term or geographic name entry element PHILOSOPHY
995 ## -
-- SPECIAL COLLECTIONS
-- 500375
-- CBU-DAG HAMMARSKJOLD INSTITUTE LIBRARY
-- DAG B 381.A5 Pla
-- 1
-- AVAILABLE
-- Dec 17, 2012
-- 500375
-- DHIPS Book Collection
999 ## -
-- 418
-- 418
Holdings
Withdrawn status Lost status Source of classification or shelving scheme Damaged status Not for loan Permanent Location Current Location Shelving location Date acquired Total Checkouts Full call number Barcode Date last seen Price effective from Koha item type
          CBU-DAG HAMMARSKJOLD INSTITUTE CBU-DAG HAMMARSKJOLD INSTITUTE   11/28/2022   B 381.A5 Pla 500375 11/28/2022 11/28/2022 MONOGRAPH